00647aas a2200157 4500008004100000022001300041245011200054246003400166260004400200300001100244650002000255942000700275952009600282952009600378999001500474240130b |||||||| |||| 00| 0 eng d a17296242 aSouth Asian journal 13 : Quarterly Magazine of South Asian Journalists & scholars : bJuly - September 2006 aNepal's democratic resolution aLahore :bFree Media foundation, c2006 b175 p. aDEMOCRACY-Nepal cCR 00102ddc4070aMAINbMAINd2024-01-30l0o954.93 SOUpRAF4927r2024-01-30w2024-01-30yCR 00102ddc4070aMAINbMAINd2024-02-20l0o954.93 SOUpRAF5065r2024-02-20w2024-02-20yCR c4699d4699